000 00456nam a22001457a 4500
008 250513b |||||||| |||| 00| 0 eng d
020 _a9780323898102
050 _aQA76.9.U83
_b.A38
100 _aPatgiri .R.
245 _aAdvances in Computers
_bPrinciples of BigGraph in Depth Insight
260 _aCambridge
_bAcademic Press
_c2023
300 _axiii, 443p.
_bill.
650 _aGraphical Users Interfaces (Computer Systems)
_vSystem Analysis
942 _cBK
999 _c3441
_d3441